[Event "Hessen-ch U14/U18 Girls"]
[Site "Bad Homburg"]
[Date "2015.03.30"]
[Round "3"]
[White "Tampe, Katharina"]
[Black "Buermann, Theresia"]
[Result "1/2-1/2"]
[WhiteElo "1089"]
[BlackElo "1203"]
[PlyCount "83"]
[EventDate "2015.03.30"]
[EventType "swiss"]
[EventRounds "7"]
[EventCountry "GER"]
[SourceTitle "EXT 2017"]
[Source "ChessBase"]
[SourceDate "2016.10.25"]
[SourceVersion "1"]
[SourceVersionDate "2016.10.25"]
[SourceQuality "1"]

1. Nf3 Nc6 2. d4 d5 3. g3 Nf6 4. Bg2 b6 5. 0-0 Bb7 6. Bf4 e6 7. b3 Bd6 8. Ne5 Bxe5 9. dxe5 Nd7 10. c4 dxc4 11. bxc4 Rb8 12. Qa4 b5 13. cxb5 Ne7 14. Rd1 Bxg2 15. Kxg2 Ra8 16. Nc3 Qc8 17. Rd2 0-0 18. Rad1 Nb6 19. Qb4 Ned5 20. Nxd5 Nxd5 21. Qc4 Qb7 22. e4 Nb6 23. Qc6 Qxc6 24. bxc6 h6 25. h4 a5 26. g4 a4 27. h5 Ra5 28. f3 Rc5 29. g5 Kh7 30. Kh3 Rxc6 31. Rd8 Rxd8 32. Rxd8 Rc2 33. Rf8 Rxa2 34. Rxf7 Ra3 35. gxh6 Rxf3+ 36. Kg4 Rf1 37. Rxg7+ Kh8 38. Kg5 Rg1+ 39. Kf6 Rd1 40. Kxe6 a3 41. Kf7 a2 42. Rg8+ 1/2-1/2

[Event "Hessen-ch U14/U18 Girls"]
[Site "Bad Homburg"]
[Date "2014.04.14"]
[Round "1"]
[White "Tampe, Katharina"]
[Black "Poetsch, Leonore"]
[Result "0-1"]
[WhiteElo "1105"]
[BlackElo "1529"]
[PlyCount "116"]
[EventDate "2014.04.??"]
[EventType "swiss"]
[EventRounds "7"]
[EventCountry "GER"]
[SourceTitle "EXT 2022"]
[Source "ChessBase"]
[SourceDate "2021.10.06"]
[SourceVersion "1"]
[SourceVersionDate "2021.10.06"]
[SourceQuality "1"]

1. g3 e6 2. Bg2 d5 3. Nf3 c5 4. d3 Nf6 5. 0-0 Nc6 6. Nbd2 Bd7 7. c3 Be7 8. e4 dxe4 9. dxe4 0-0 10. Nc4 Qc8 11. Nfe5 Nxe5 12. Nxe5 Bb5 13. Re1 Rd8 14. Qc2 Qc7 15. Bf4 Bd6 16. Nxf7 Qxf7 17. e5 Bc7 18. exf6 Bxf4 19. Qe4 Bd2 20. Red1 Bc6 21. Qe2 Bxg2 22. Kxg2 Bh6 23. fxg7 Bxg7 24. Rd2 Rxd2 25. Qxd2 Rf8 26. Rf1 Qf3+ 27. Kg1 Qd5 28. Qe3 b6 29. a3 c4 30. Qe2 e5 31. Rd1 Qc6 32. Qg4 b5 33. Rd7 Qf6 34. Rd2 a6 35. h4 Qf5 36. Qe2 Qf3 37. Qf1 e4 38. Re2 e3 39. Rxe3 Qxe3 40. fxe3 Rxf1+ 41. Kxf1 h5 42. Kf2 Kf7 43. Kf3 Kf6 44. Ke4 Ke6 45. Kf4 Be5+ 46. Kf3 Kf5 47. e4+ Kg6 48. g4 hxg4+ 49. Kxg4 Bg7 50. Kf4 Kf6 51. Kf3 Ke5 52. Ke3 Bh6+ 53. Kf3 Bc1 54. h5 Bh6 55. Ke2 Kxe4 56. Kd1 Kd3 57. Ke1 Kc2 58. Ke2 Kxb2 0-1

[Event "Hessen-ch U14/18 Girls"]
[Site "Bad Homburg"]
[Date "2012.??.??"]
[Round "2"]
[White "Tampe, Katharina"]
[Black "Mao, Yvonne"]
[Result "1/2-1/2"]
[WhiteElo "722"]
[BlackElo "1015"]
[PlyCount "50"]
[EventDate "2012.04.??"]
[EventType "swiss"]
[EventRounds "9"]
[EventCountry "GER"]
[SourceTitle "EXT 2015"]
[Source "ChessBase"]
[SourceDate "2014.11.20"]
[SourceVersion "1"]
[SourceVersionDate "2014.11.20"]
[SourceQuality "1"]

1. e4 e5 2. Nf3 Nc6 3. g3 Nf6 4. d3 d6 5. Bg2 Be7 6. c3 Be6 7. d4 exd4 8. cxd4 Nxe4 9. 0-0 Qd7 10. d5 Bxd5 11. Qxd5 Nf6 12. Qd1 Ng4 13. h3 Nge5 14. Nxe5 Nxe5 15. Bf4 Bf6 16. Nc3 0-0-0 17. a4 g5 18. Be3 h5 19. Qd5 c6 20. Qa5 b6 21. Qa6+ Kb8 22. b4 h4 23. b5 c5 24. Nd5 Nf3+ 25. Bxf3 Bxa1 1/2-1/2